000
00329 a2200109 4500
001
ART_11448
005
20260410161857.0
008
260409a
245
1
0
_a
El presupuesto general de la provincia para 1993
100
1
_a
Barone, Sergio
773
0
_t
Revista de Economía
_g
- Nº 67 (abr./dic. 1992)
_w
REV11077
999
_c
25585
_d
25585